000
00326nam a22001457a 4500
008
230516b ||||| |||| 00| 0 eng d
020
_a
9781259601514
041
_a
eng
080
_2
3E
_a
610.73
082
_a
610.73HER
100
_a
7
101
_a
INF
245
_a
THERAPEUTIC COMMUNICATION
_c
HERBERT.C
942
_2
udc
_c
BK
999
_c
59753
_d
59753